| 000 | 00565nam a22001817a 4500 | ||
|---|---|---|---|
| 003 | OSt | ||
| 005 | 20180428093557.0 | ||
| 008 | 180320b xxu||||| |||| 00| 0 spa d | ||
| 020 | _a9875070122 | ||
| 040 | _cPJ | ||
| 100 |
_9388 _aArlotti, Raúl |
||
| 245 |
_aMeditaciones sobre la praxis política : _cRaul Arlotti; prólogo de Carlos S. Menem. _bdiálogos con el Presidente / |
||
| 260 |
_aBuenos Aires : _bCiudad Argentina, _c1997 |
||
| 300 | _a133 p. | ||
| 650 | 0 |
_9348 _aCIENCIAS POLITICAS |
|
| 700 |
_9389 _aMenem, Carlos Saúl _eprologuista |
||
| 942 |
_2udc _cLIB |
||
| 999 |
_c341 _d341 |
||